000 00403nam a2200169Ia 4500
008 230524s9999 xx 000 0 und d
020 _a812031266X
082 _a510
_bAZA
100 _aMohammed Azam
245 0 _aProgramming with Visual Basic 6.0
250 _a1ST
260 _aNEW DELHI
_bVikas
_c2005
300 _aXXII;456
500 _aQuantity Number: 2
650 _aComp-Sc
942 _cBK
999 _c22695
_d22695